| 000 | 00865nam a2200253Ia 4500 | ||
|---|---|---|---|
| 003 | OSt | ||
| 005 | 20220925192501.0 | ||
| 006 | a|||||r|||| 00| 0 | ||
| 007 | ta | ||
| 008 | 220923b |||||||| |||| 00| 0 eng d | ||
| 037 | _cGeneral Book | ||
| 040 |
_aRTL _cRTL _beng |
||
| 041 |
_2eng _aeng |
||
| 082 | _aX6261.436.N9, N1 | ||
| 100 |
_aPatten Richard H _9245321 |
||
| 245 | 0 |
_aProgress with profits _b The development of rural b |
|
| 260 |
_aCa _bifornia I C S Press _c1991 |
||
| 300 |
_axix,114p Bib p 111-14 _ccm. |
||
| 490 | _aInternatioal Centre For Economic Growth Publication. Harvard institute For International Development Publication | ||
| 650 |
_aCommercial Bank _9230945 |
||
| 700 |
_a Rosengard Jay K _9245322 |
||
| 942 |
_hX6261.436.N9, N1 _cGB _2CC |
||
| 999 |
_c522311 _d522311 |
||